Information technology and the productivity paradox : (Record no. 296140)
[ view plain ]
| 000 -LEADER | |
|---|---|
| fixed length control field | 00722nam a2200253Ia 4500 |
| 008 - FIXED-LENGTH DATA ELEMENTS--GENERAL INFORMATION | |
| fixed length control field | 160621s9999 xx 000 0 und d |
| 020 ## - INTERNATIONAL STANDARD BOOK NUMBER | |
| International Standard Book Number | 0-19-512159-7 |
| 050 ## - LIBRARY OF CONGRESS CALL NUMBER | |
| Classification number | ComSc HC 79 |
| 050 ## - LIBRARY OF CONGRESS CALL NUMBER | |
| Item number | .I55L83 1999 |
| 100 ## - MAIN ENTRY--PERSONAL NAME | |
| Personal name | Lucas, Henry C. Jr. |
| 245 ## - TITLE STATEMENT | |
| Title | Information technology and the productivity paradox : |
| 245 ## - TITLE STATEMENT | |
| Remainder of title | assessing the value of investing in IT / |
| 245 ## - TITLE STATEMENT | |
| Statement of responsibility, etc | Henry C. Lucas, Jr. |
| 260 ## - PUBLICATION, DISTRIBUTION, ETC. (IMPRINT) | |
| Place of publication, distribution, etc | New York : |
| 260 ## - PUBLICATION, DISTRIBUTION, ETC. (IMPRINT) | |
| Name of publisher, distributor, etc | Oxford University Press., |
| 260 ## - PUBLICATION, DISTRIBUTION, ETC. (IMPRINT) | |
| Date of publication, distribution, etc | 1999 |
| 300 ## - PHYSICAL DESCRIPTION | |
| Extent | 225 pages : |
| 300 ## - PHYSICAL DESCRIPTION | |
| Other physical details | illustrations ; |
| 300 ## - PHYSICAL DESCRIPTION | |
| Dimensions | 24 cm. |
| 500 ## - GENERAL NOTE | |
| General note | Includes index. |
| 650 ## - SUBJECT ADDED ENTRY--TOPICAL TERM | |
| Topical term or geographic name as entry element | Information technology -- Finance. |
| 650 ## - SUBJECT ADDED ENTRY--TOPICAL TERM | |
| Topical term or geographic name as entry element | Rate of return. |
| 650 ## - SUBJECT ADDED ENTRY--TOPICAL TERM | |
| General subdivision | Capital investments. |
| Withdrawn status | Lost status | Damaged status | Home library | Current library | Shelving location | Date acquired | Cost, normal purchase price | Total Checkouts | Full call number | Barcode | Date last seen | Price effective from | Koha item type |
|---|---|---|---|---|---|---|---|---|---|---|---|---|---|
| South Mansfield College | South Mansfield College | 09/13/2005 | 435.00 | ComSc HC 79 .I55L83 1999 | SMC02796 | 06/21/2016 | 06/21/2016 |